| 000 | 00729cam a2200265 4500 | ||
|---|---|---|---|
| 001 | 15222 | ||
| 003 | BD-RjUL | ||
| 005 | 20211208235755.0 | ||
| 008 | 140209s1969 enkk 001 0 eng | ||
| 020 | _a0412094401 | ||
| 035 | _a(BD-RjUL)15276 | ||
| 040 |
_aDLC _cDLC _dBD-RjUL _beng |
||
| 041 | _aeng | ||
| 082 | 0 | 0 |
_a658.7 _bBAP 1969 |
| 100 | 1 |
_aBaily, P. J. H. _947335 |
|
| 245 | 1 | 0 |
_aPurchasing and supply management / _cP. J. H. Baily. |
| 250 | _a2nd ed. | ||
| 260 |
_aLondon : _bChapman & Hall, _c1969. |
||
| 300 |
_avi, 308 p. : _bill., forms. ; _c22 cm. |
||
| 504 | _aInclude index. | ||
| 650 | 0 |
_aIndustrial procurement _xManagement. _947336 |
|
| 942 |
_2ddc _cBK |
||
| 999 |
_c15222 _d15222 |
||